| 000 | 00845nam a22001697a 4500 | ||
|---|---|---|---|
| 008 | 260422b ||||| |||| 00| 0 eng d | ||
| 082 | 0 | 4 | _a553.8 |
| 100 | 0 | 0 | _aMuhammad Azman Aseri |
| 245 | 1 | 0 | _aRANCANGAN MALAYSIA KEDUA BELAS : PROJEK PENILAIAN POTENSI SUMBER UNSUR NADIR BUMI : PENILAIAN POTENSI SUMBER UNSUR NADIR BUMI DI KAWASAN ULU SELIM, SLIM RIVER, PERAK / Oleh : MUHAMMAD AZMAN BIN ASERI, MUHAMMAD KAMAL BIN KAMARUDIN, MAHAT BIN HJ. SIBON |
| 250 | _aNO. LAPORAN : JMG.PRK (REE) 01/2023 | ||
| 260 |
_aIpoh, Perak : _bJabatan Mineral dan Geosains Malaysia Perak, _c2023 |
||
| 300 |
_a44 pages : _bsome colour illustrations ; _c30 cm |
||
| 650 | 1 | 0 |
_xRare earth elements _zMalaysia _zPerak |
| 650 | 2 | 0 |
_xGeological surveys _zMalaysia _zPerak |
| 650 | 2 | 0 |
_xMineral resources _zMalaysia _zPerak |
| 942 |
_2ddc _e23 _h553.8 |
||
| 999 |
_c27219 _d27219 |
||